000 00860nam a2200253 a 4500
001 43034
003 BD-RjUL
005 20211209053632.0
008 160619r19521944enk 001 0 eng d
035 _a(OCoLC)ocm11679424
035 _a(BD-RjUL)43152
035 _a(NNC)2782101
040 _aDRB
_cDRB
_dAKR
_dZCU
_dBD-RjUL
_beng
041 _aeng
082 _223
_a330.9
_bSTH 1952
100 1 _aStark, W.
_d1909-1985.
_9132142
245 0 4 _aThe history of economics :
_bin its relation to social development /
_cby W. Stark ...
260 _aLondon,
_bK. Paul, Trench, Trubner & Co., Ltd.
_c1952,
300 _aviii, 80 p. ;
_c23 cm.
490 1 _aInternational library of sociology and social reconstruction
650 0 _aEconomics
_xHistory.
_9132143
830 0 _aInternational library of sociology and social reconstruction.
_9132147
942 _2ddc
_cBK
999 _c43034
_d43034